Der Pulpapolyp des Milchgebisses /

Hlavní autor: Kugler, Karl Heinz
Korporativní autor: Universität Tübingen
Jazyk: Němčina
Vydáno: Tübingen : Karl Heinz Kugler, 1973
Témata:
Fyzický popis: 15 stran, obrazová příloha : ilustrace
Knihy
Uloženo v:
LEADER 00886nam a22002652i 4500
001 001576988
003 CZ BrMZK
005 20170616073608.0
007 ta
008 170517s1973 gw af er|||||||||||ger d
040 |a BOA001  |b cze  |e rda 
100 1 |a Kugler, Karl Heinz  |4 dis 
245 1 4 |a Der Pulpapolyp des Milchgebisses /  |c von Karl Heinz Kugler 
264 1 |a Tübingen :  |b Karl Heinz Kugler,  |c 1973 
300 |a 15 stran, obrazová příloha :  |b ilustrace 
336 |a text  |b txt  |2 rdacontent 
337 |a bez média  |b n  |2 rdamedia 
338 |a svazek  |b nc  |2 rdacarrier 
502 |a Disertace--Universität Tübingen, 1973 
655 7 |a disertace  |7 fd132024  |2 czenas 
710 2 |a Universität Tübingen  |7 ko2002152390  |4 isb 
910 |a BOA001  |b X-0725.645 
990 |a BK 
991 |b 201705 
996 7 |b 2619199337  |c X-0725.645  |l MZK  |r Sklad / do 24 hodin  |n 0  |w 001612240  |u 000010  |a 1  |e BOA001  |j MZK50  |s A